Tiếng Anh thực dụng cho người mới bắt đầu

שמור ב:
מידע ביבליוגרפי
פורמט: ספר
שפה:Undetermined
יצא לאור: Thành phố Hồ Chí Minh Nxb. Thành phố Hồ Chí Minh
נושאים:
תגים: הוספת תג
אין תגיות, היה/י הראשונ/ה לתייג את הרשומה!
Thư viện lưu trữ: Trung tâm Học liệu Trường Đại học Cần Thơ
LEADER 00576nam a2200181Ia 4500
001 CTU_88502
008 210402s9999 xx 000 0 und d
020 |c 27000 
082 |a 424.24 
082 |b T306/CD.1 
245 0 |a Tiếng Anh thực dụng cho người mới bắt đầu 
260 |a Thành phố Hồ Chí Minh 
260 |b Nxb. Thành phố Hồ Chí Minh 
650 |a English language 
650 |x Textbooks for foreign speakers 
904 |i M.Loan,Hải 
915 |a 400 
980 |a Trung tâm Học liệu Trường Đại học Cần Thơ